000
00317nam a22001337a 4500
008
170830b xxu||||| |||| 00| 0 eng d
020
_a
9781557666840
041
_a
eng
080
_a
070
100
_a
39
101
_a
MED
245
_a
AUGMENTATIVE ALTERNATIVE COMMUNICATION
_c
BEUKELMAN.D.R
942
_2
udc
_c
BK
999
_c
25512
_d
25512